Mafalda 3 (Registro nro. 15829)

000 -CABECERA
campo de control de longitud fija 00856nam a22002417a 4500
003 - IDENTIFICADOR DEL NÚMERO DE CONTROL
campo de control OSt
005 - FECHA Y HORA DE LA ÚLTIMA TRANSACCIÓN
campo de control 20250225143947.0
008 - DATOS DE LONGITUD FIJA--INFORMACIÓN GENERAL
campo de control de longitud fija 250225b ||||| |||| 00| 0 spa d
020 ## - NÚMERO INTERNACIONAL ESTÁNDAR DEL LIBRO
Número Internacional Estándar del Libro 9786287658134
040 ## - FUENTE DE LA CATALOGACIÓN
Centro/agencia transcriptor CO-Mq BPB
041 ## - CÓDIGO DE LENGUA
Código de lengua del texto/banda sonora o título independiente spa
082 ## - NÚMERO DE LA CLASIFICACIÓN DECIMAL DEWEY
Número de clasificación JH
Número de documento/Ítem QUIN
100 ## - ENTRADA PRINCIPAL--NOMBRE DE PERSONA
Nombre de persona Lavado, Joaquin (Quino);
Fechas asociadas al nombre 1932-2020,
Término indicativo de función/relación autor
245 ## - MENCIÓN DE TÍTULO
Título Mafalda 3
264 ## - PRODUCCIÓN, PUBLICACIÓN, DISTRIBUCIÓN, FABRICACIÓN Y COPYRIGHT
Producción, publicación, distribución, fabricación y copyright Bogotá;
Nombre del de productor, editor, distribuidor, fabricante Penguin Random House,
Fecha de producción, publicación, distribución, fabricación o copyright 2024
300 ## - DESCRIPCIÓN FÍSICA
Extensión 96 paginas;
Otras características físicas Tapa rustica, ilustraciones a blanco y negro
Dimensiones 19 x 13 cm
490 ## - MENCIÓN DE SERIE
Mención de serie Volumen 3
521 ## - NOTA DE PÚBLICO DESTINATARIO
Nota de público destinatario través de Mafalda y sus amigos Quino reflexiona con humor crítico e inteligente sobre la política, la economía y la sociedad en general. Malfalda ha sido traducida y publicada en varios idiomas y países.
650 ## - PUNTO DE ACCESO ADICIONAL DE MATERIA--TÉRMINO DE MATERIA
Término de materia o nombre geográfico como elemento de entrada Historieta juvenil
650 ## - PUNTO DE ACCESO ADICIONAL DE MATERIA--TÉRMINO DE MATERIA
Término de materia o nombre geográfico como elemento de entrada Tiras cómicas
650 ## - PUNTO DE ACCESO ADICIONAL DE MATERIA--TÉRMINO DE MATERIA
Término de materia o nombre geográfico como elemento de entrada Obra universal
942 ## - ELEMENTOS DE PUNTO DE ACCESO ADICIONAL (KOHA)
Fuente del sistema de clasificación o colocación
Tipo de ítem Koha Libro Literatura
Existencias
Estado de retiro Estado de pérdida Fuente del sistema de clasificación o colocación Estado dañado No para préstamo Código de colección Localización permanente Ubicación/localización actual Ubicación en estantería Fecha de adquisición Fuente de adquisición Número de inventario Total de préstamos Renovaciones totales Signatura topográfica completa Código de barras Fecha visto por última vez Fecha del último préstamo Número de copia Precio válido a partir de Tipo de ítem Koha Nota pública Restricciones de uso
          Literatura Juvenil Biblioteca Pública San Juan Bosco Biblioteca Pública San Juan Bosco Literatura 25/02/2025 Compra 2024 NT 7 1 JH QUIN MOS504148 06/05/2026 14/04/2026 Ej.1 25/02/2025 Libro Literatura Quince dias  
          Literatura Juvenil Biblioteca Pública San Juan Bosco Biblioteca Pública San Juan Bosco Literatura 25/02/2025 Compra 2024 NT 7 1 JH QUIN MOS504149 27/03/2026 16/03/2026 Ej.2 25/02/2025 Libro Literatura Quince dias  
          Literatura Juvenil Biblioteca Pública San Juan Bosco Biblioteca Pública San Juan Bosco Literatura 03/03/2026 Compra 2025 NT     JH QUIN MOS504700 03/03/2026   Ej.3 03/03/2026 Libro Literatura Quince dias Procesos Técnicos

© Todos los derechos reservados para la Biblioteca Pública Municipal San Juan Bosco, 2020
Secretaria de Cultura de Mosquera
Carrera 3 N° 10 Esquina Centro Cultural Barrio El Carmén Teléfono: 8270830 Ext: 34
Funcionando con KOHA
Contacto: Biblioteca Pública Municipal San Juan Bosco/ bibliotecasanjuanbosco@mosquera-cundinamarca.gov.co
Mosquera, Cundinamarca